Episcopal government instituted by Christ, : and confirmed by cleere evidence of Scripture, and invincible reason. /

Bibliographic Details
Main Author: Rollock, Robert, 1555?-1599
Format: eBook
Language:English
Published: London, : [publisher not identified], Printed, Anno Domini, 1641.
Series:Early English books online.
Subjects:
Online Access:Connect to the full text of this electronic book

MARC

Tag First Indicator Second Indicator Subfields
LEADER 00000nam a2200000 4500
001 in00004290121
005 20200813084411.0
006 m g d
007 cr bn |||a|bb|
008 860129s1641 enk o 00| | eng d
035 |a (UnM)99872582 
037 |a CL0051000002  |b ProQuest Information and Learning. 300 N. Zeeb Rd., Ann Arbor, MI 48106 
040 |a Cu-RivES  |c Cu-RivES  |d CStRLIN  |e dcrb  |d WaOLN 
100 1 |a Rollock, Robert,  |d 1555?-1599. 
245 1 0 |a Episcopal government instituted by Christ, :  |b and confirmed by cleere evidence of Scripture, and invincible reason. /  |c Collected by the pains of R.R. Preacher of the Gospell. 
260 |a London, :  |b [publisher not identified],  |c Printed, Anno Domini, 1641. 
300 |a 1 online resource (39, [1] pages) 
336 |a text  |b txt  |2 rdacontent 
337 |a computer  |b c  |2 rdamedia 
338 |a online resource  |b cr  |2 rdacarrier 
500 |a Attributed to Robert Rollock. 
500 |a Annotation on Thomason copy: "ollock a good" is written in after 'R.R' and above 'preacher of the gospell'. 
500 |a Reproduction of the original in the British Library. 
510 4 |a Wing (2nd edition)  |c R1885. 
510 4 |a Thomason  |c E.238[6]. 
533 |a Electronic reproduction.  |b Ann Arbor, Mich. :  |c UMI,  |d 1999-  |f (Early English books online)  |n Digital version of: (Thomason Tracts ; 41:E238[6])  |7 s1999 miun s 
650 0 |a Episcopacy  |v Early works to 1800. 
830 0 |a Early English books online. 
856 4 0 |u http://proxy.library.tamu.edu/login?url=https://search.proquest.com/docview/2240940676  |z Connect to the full text of this electronic book  |t 0 
999 f f |s 4e96565c-9747-3ec5-bbf5-37b2824a6da7  |i f4a17db7-5271-3601-96c4-78b7f871df2a  |t 0 
952 f f |a Texas A&M University  |b College Station  |c Electronic Resources  |d Available Online  |t 0  |h No information provided 
998 f f |t 0  |l Available Online